Valtioiden muotoja lipuilla #2 - Statistics

Yleistilastot
  • Tätä visaa on pelattu 977 kertaa
  • Keskiarvotulos 13 / 16
Vastaustilastot
Kuvavisa Vastaus % Oikein
Australia
99%
Ukraina
99%
Yhdysvallat
99%
Norja
97%
Tšekki
96%
Argentiina
95%
Etelä-Afrikka
91%
Pakistan
87%
Libanon
82%
Montenegro
79%
Nepal
74%
Senegal
71%
Kongon dem. tasavalta
66%
Barbados
63%
Gabon
51%
Samoa
46%
Ehtoja vastaavia visoja ei löytynyt
Tulosjakauma
Jokaisen tuloksen saaneiden osuus
Persentiili vastausten määrän mukaan
Tuloshistoriasi
Et ole pelannut tätä visaa